000 00450cam a2200193ua 4500
020 _c8.00
041 _aeng
_h
082 _a420
_bBRA/MA
100 _aBradley, Henry .
245 _aMaking of English /
_cHenry Bradley.
_hTextual Documents
250 _a1 /
_b.
260 _aLondon :
_bMcMillon & Co Ltd ,
_c1964.
300 _a245 ; .
365 _a8.00
504 _a
942 _cBK
999 _c8616
_d8616